000 01322cam a22003497a 4500
001 14895396
003 EG-ScBUE
005 20220830105139.0
008 070619s2007 gw ab f b 001 0 eng d
020 _a354025546X (hbk.)
020 _a9783540255468 (hbk.)
040 _aUKM
_beng
_erda
_cUKM
_dBTCTA
_dBAKER
_dOHX
_dDLC
_dEG-ScBUE
082 0 4 _a711.4
_222
_bAPP
245 0 0 _aApplied remote sensing for urban planning, governance and sustainability /
_cMaik Netzband, William Stefanov, Charles Redman, editors.
264 1 _aBerlin ;
_aNew York :
_bSpringer,
_c2007.
300 _axxxii, 278 pages :
_billustrations (some color), maps ;
_c25 cm
336 _2rdacontent
_atext
_btxt
337 _2rdamedia
_aunmediated
_bn
338 _2rdacarrier
_avolume
_bnc
504 _aIncludes bibliographical references and index.
650 7 _aCity planning
_xRemote sensing.
_929457
_2BUEsh
650 7 _aMetropolitan government
_xRemote sensing.
_929458
_2BUEsh
651 _2BUEsh
653 _cMarch2012
_bENGARC
655 _vReading book
_934232
700 1 _aNetzband, Maik,
_eeditor.
_929459
700 1 _aStefanov, William,
_eeditor.
_929460
700 1 _aRedman, Charles L.,
_eeditor.
_929461
942 _2ddc
_cBB
999 _c16604
_d16604